| 000 | 01494cam a22004094a 4500 | ||
|---|---|---|---|
| 999 |
_c529135 _d529135 |
||
| 001 | 14851604 | ||
| 003 | NUST | ||
| 005 | 20190920104137.0 | ||
| 008 | 070516r20071911pk b 001 0 eng | ||
| 010 | _a 2007378912 | ||
| 020 | _a9693519116 | ||
| 025 | _aP-E-2007378912 ; 20 | ||
| 038 | _aMSOHAIL | ||
| 040 |
_aDLC _cDLC _dDLC |
||
| 043 |
_aa-ii--- _aa-pk--- |
||
| 050 | 0 | 0 |
_aDS430 _b.R6 2007 |
| 082 | _a0 | ||
| 100 | 1 |
_aRose, H. A. _q(Horace Arthur), _d1867-1933. _91308 |
|
| 245 | 1 | 2 |
_aA glossary of the tribes and castes of the Punjab and North-West Frontier Province / _cDenzil Ibbetson, Edward Maclagan, and H.A. Rose. |
| 246 | 3 | 0 | _aPunjab and North-West Frontier Province |
| 250 | _a1st | ||
| 260 |
_aLahore : _bSang-e-Meel Publications, _c2007. |
||
| 300 |
_a3 v. 1000;p; _c25 cm. |
||
| 500 | _aOriginally published: 1911-1919. | ||
| 504 | _aIncludes bibliographical references and index. | ||
| 650 | 0 |
_aEthnology _zIndia _zPunjab. _920997 |
|
| 650 | 0 |
_aCaste _zIndia _zPunjab. _920998 |
|
| 650 | 0 |
_aEthnology _zPakistan _zKhyber Pakhtunkhwa. _93757 |
|
| 650 | 0 |
_aCaste _zPakistan _zKhyber Pakhtunkhwa. _920999 |
|
| 651 | 0 |
_aPunjab (India) _xReligion. _921000 |
|
| 651 | 0 |
_aKhyber Pakhtunkhwa (Pakistan) _xReligion. _921001 |
|
| 700 | 1 |
_aIbbetson, Denzil, _cSir, _d1847-1908. _921002 |
|
| 700 | 1 |
_aMaclagan, Edward, _cSir, _d1864-1952. _91333 |
|
| 906 |
_a7 _bcbc _corignew _d3 _encip _f20 _gy-gencatlg |
||
| 942 |
_2ddc _cBK |
||